000 00350nam a22001457a 4500
003 SGT
020 _a9788190291101
082 _a324.254
_bJ05S
100 _aSHARMA, UDAYAN
245 _aJANTA PARTY KAISE TUTI
260 _aINDIA
_bUDYAN SHARMA FOUNDATION TRUST
_c2005
300 _a320
650 _aINDIAN POLITICAL PARTIES
942 _2ddc
_cBK
999 _c26252
_d26252